000 00653nam a2200217Ia 4500
005 20230712090526.0
008 131103s9999 xx 000 0 und d
020 _a674241541
040 _aLoreto College
041 _aEnglish
082 _a962.05
_bBAK
100 _aBaker,Raymond William
245 _aEgypt's Uncertain Revolution under Nasser and Sadat
_cRaymond William Baker
260 _aCambridge
_bHarrard University Press
_c1978
300 _ax,290 p.
504 _aIncludes bibliographical references and index
650 _aNasser,Gamal Abdel,1918 - 1970 Sadat
651 _aEgypt - History,1932 -
850 _aLCLIB
942 _cBK
999 _c7734
_d58213